00981nam a22002417a 4500999001700000005001700017008004100034040002700075041000800102044000700110110003300117245017900150260005100329300007000380504004000450650005700490650001500547650002200562651004700584710007300631710002200704942001300726 c20837d2083720200211121946.0200211b xxu||||| |||| 00| 0 spa d aCO-BoIAVH cCO-BoIAVH  aspa ack aAlcaldía Mayor de Bogotá aHabitar y construir un viaje por el territorio de la Bogotá ruralcAlcaldía Mayor de Bogotá, Empresa de Acueducto, Alcantarillado y Aseo de Bogotá y Fundación SOCYA aBogotá:bAlcaldía Mayor de Bogotá,cs.f. a44 páginas,bFotografías, ilustraciones y mapasc28 x 21.7 cm aBibliografía (páginas 43 y 44)  0aProtección del medio ambientezBogotá (Colombia) 0aPatrimonio 0aIdentidad cultura 0aBogotá (Colombia)x Condiciones rurales. aEmpresa de Acueducto, Alcantarillado y Aseo de Bogotá (EAB - ESP) aFundación SOCYA 2zcLIBRO